Población y cambios sociales: diagnóstico sociodemográfico del Ecuador 1950-1982 /

Bibliographic Details
Corporate Authors: Consejo Nacional de Desarrollo (Editor), Fondo de las Naciones Unidas para actividades en materia de Población (Editor)
Format: Kit
Language:Spanish
Published: Quito: Editorial Corporación Editora Nacional, 1987.
Edition:Primera edición.
Series:Biblioteca de Ciencias Sociales. volumen 13
Subjects:

MARC

LEADER 00000cac a2200000 i 4500
001 89555
003 eccuu
005 20231110122656.0
006 a||||gr|||| 001 0
008 000000|1987 ||||||||r|||||||||||spa||
040 |b spa  |a eccuu  |c eccuu  |e rda 
041 1 |a spa 
082 0 |a 304.6  |2 22 
245 1 0 |a Población y cambios sociales:   |b diagnóstico sociodemográfico del Ecuador 1950-1982 /   |c CONADE, UNFPA. 
250 |a Primera edición. 
264 1 |a Quito:  |b Editorial Corporación Editora Nacional,  |c 1987. 
300 |a 367 páginas:  |c 21 cm 
336 |2 rdacontent  |a texto  |b txt 
337 |2 rdamedia  |a no mediado  |b nc 
338 |2 rdacarrier  |a volumen  |b n 
490 0 |a Biblioteca de Ciencias Sociales.  |v volumen 13 
505 1 |a Evolución demográfica del Ecuador: una visión global del periodo 1950-1982 -- Componentes de la dinámica demográfica -- Migración interprovincial -- Distribución espacial de la población y urbanización -- Perspectivas futuras de la población ecuatoriana 1985-2000. 
650 1 7 |a Población  |9 2537  |2 eccuu 
650 1 7 |a Cambios sociales  |9 58044  |2 eccuu 
710 2 |a Consejo Nacional de Desarrollo.  |e editor  |9 292573 
710 2 |9 310826  |a Fondo de las Naciones Unidas para actividades en materia de Población.  |e editor 
852 |a UC-CDJBV  |f Compra  |l 1  |m General  |p 00000000  |t 89555  |b 0  |d CDRC  |e CDRC  |g 304.6 ESTANTERIA CERRADA  |z 0000-00-00 
942 |c CR  |2 ddc  |z wilman.tandazo@ucuenca.edu.ec 
999 |c 33485  |d 33485